Les 50 ... Joueurs de football 90' - Statistiques

Statistiques générales
  • Ce quiz a été pris 174 fois
  • Le résultat moyen est 28 sur 50
Statistiques - réponses
Par images Réponse % Correct
Didier Deschamps
99%
Ronaldo
97%
Oliver Kahn
95%
Rivaldo
93%
Laurent Blanc
92%
Jean-Pierre Papin
91%
Youri Djorkaeff
90%
Zinedine Zidane
90%
Georges Weah
85%
Paolo Maldini
85%
Luis Figo
84%
Roberto Baggio
81%
Alessandro Del Piero
80%
Alan Shearer
78%
Bernard Lama
78%
Dennis Bergkamp
78%
Éric Cantona
78%
Marcel Desailly
78%
Patrick Kluivert
78%
Paul Scholes
78%
Edgar Davids
76%
Cafù
71%
Frank Rijkaard
70%
Raï
68%
Ryan Giggs
68%
Frank Leboeuf
64%
Gabriel Batistuta
59%
Lothar Matthaus
55%
Sonny Anderson
52%
Marc Overmars
47%
Matthias Sammer
41%
Brian Laudrup
38%
Andy Cole
34%
Davor Šuker
34%
Jari Litmanen
32%
Leonardo
29%
Paul Gascoigne
29%
Romàrio
27%
Phillip Cocu
26%
Dwight Yorke
24%
Enzo Francescoli
24%
Gaizka Mendieta
24%
Jürgen Klinsmann
22%
Oliver Bierhoff
21%
Hakan Şükür
19%
Fernando Redondo
15%
Iván Zamorano
13%
Gianluca Pagliuca
11%
Stéphane Chapuisat
9%
Christian Panucci
7%
Aucun quiz correspondant
Distribution des résultats
% des personnes avec chaque résultat
Percentile par nombre de réponses
Votre historique - résultats
Vous n’avez pas pris ce quiz